000 00762nam a2200229 a 4500
005 20140310183229.0
008 040311s19uu xx 00 eng d
020 _a0415231949
050 _aRC 455.2.M38
_b.P374 2003
100 _aPapadopoulos, Linda
245 _aReporting in counselling and psychotheraphy :
_ba trainee's guide to praparing case studies and reports /
_cLinda Papadopoulos, Malcolm C. Cross and Robert Bor.
260 _aHove :
_bBunner-Routledge,
_c2003.
300 _a275 p. :
_c24 cm.
500 _aIncludes Index
521 _aEDU
650 _aPsychiatric
_xauthorship
650 _aPsychiatry
_xcase studies
650 _aReport writing
650 _aNeuropsychological report writing
942 _cBK
_2lcc
_kFOR
999 _c20470
_d20470